000 00297nam a22001217a 4500
082 _a158
_bBAC/T
100 _aBACKUS,WILLIAM
245 _aTELLING YOURSELF
_bTHE TRUTH
260 _aMINNESOTA
_bBETHANY HOUSE PUBLISHERS
300 _a182
650 _aPERSONALITY DEVELOPMENT
_zMINNESOTA
942 _cBK
999 _c5221
_d5221